000 00422nam a2200193Ia 4500
003 0100
008 130227s9999 xx 000 0 und d
040 _cARRUPELIB
050 _aDC161.S87 1965
100 _aSydenham, M.J.
245 4 _aThe French revolution
260 _aLondon
260 _bMethuen
260 _C1965
300 _a255p.
300 _b 22cm.
650 _bRhodesia, Northern
942 _2lcc
_02
999 _c6030
_d6030